01320nam a2200325 a 4500001001100000003000800011006001900019007001500038008004100053010001700094020004000111040002100151035002000172050002900192082001600221245010300237260003400340300002400374490005500398504006800453533015200521650003800673650001900711655002900730700002200759710001700781830005600798856012500854999001500979ebr5006026CaPaEBRm u cr cn|||||||||990212s1999 nyua sb 001 0 eng  z 99013242  z0387987673 (hardcover : alk. paper) aCaPaEBRcCaPaEBR a(OCoLC)5485252814aQA76.76.E95bP755 1999eb04a006.3/322100aProbabilistic networks and expert systemsh[electronic resource] /cRobert G. Cowell ... [et al.]. aNew York :bSpringer,cc1999. axii, 321 p. :bill.1 aStatistics for engineering and information science aIncludes bibliographical references (p. [281]-305) and indexes. aElectronic reproduction.bPalo Alto, Calif. :cebrary,d2013.nAvailable via World Wide Web.nAccess may be limited to ebrary affiliated libraries. 0aExpert systems (Computer science) 0aProbabilities. 7aElectronic books.2local1 aCowell, Robert G.2 aebrary, Inc. 0aStatistics for engineering and information science.40uhttp://site.ebrary.com/lib/rucke/Doc?id=5006026zAn electronic book accessible through the World Wide Web; click to view c6197d6197